Sức khỏe từ thiên nhiên cây thuốc nam thuốc nam gia truyền : Cây thuốc và bài thuốc nam phổ biến quanh nhà, 12 loại cây, hoa dễ trồng trong nhà có tác dụng đuỗi mũi, phòng virus Zika, các món ăn bài thuốc dành cho người bệnh, các món ăn kị nhau
Sách giới thiệu một số bài thuốc đơn giản từ những loại cây thuốc Nam rất quen thuộc, gần gũi trong cuộc sống, dễ kiếm mà lại rẻ tiền, có tác dụng phòng và chữa bệnh rất tốt để mọi người biết và sử dụng. Sách gồm những phần sa...
Đã lưu trong:
| 主要作者: | |
|---|---|
| 其他作者: | |
| 格式: | 圖書 |
| 語言: | Vietnamese |
| 出版: |
TP Thanh Hóa
Thanh hóa
2016
|
| 主題: | |
| 標簽: |
添加標簽
沒有標簽, 成為第一個標記此記錄!
|
| Thư viện lưu trữ: | Thư viện Trường Đại học Nam Cần Thơ |
|---|
| LEADER | 02099nam a22002177a 4500 | ||
|---|---|---|---|
| 001 | NCT_34141 | ||
| 008 | 180428b xxu||||| |||| 00| 0 vie d | ||
| 999 | |c 1648 |d 1648 | ||
| 020 | |a 9786047424832 |c 64000 | ||
| 082 | 0 | 4 | |2 23rd ed. |a 615 |b Th502 |
| 100 | 1 | |a Nam Thuận | |
| 245 | 1 | |a Sức khỏe từ thiên nhiên cây thuốc nam thuốc nam gia truyền |b : Cây thuốc và bài thuốc nam phổ biến quanh nhà, 12 loại cây, hoa dễ trồng trong nhà có tác dụng đuỗi mũi, phòng virus Zika, các món ăn bài thuốc dành cho người bệnh, các món ăn kị nhau |c Nam Thuận; Trần Phước Vinh (hiệu đính) | |
| 260 | |a TP Thanh Hóa |b Thanh hóa |c 2016 | ||
| 300 | |a 302 tr. |b Ảnh |c 21cm | ||
| 520 | 3 | |a Sách giới thiệu một số bài thuốc đơn giản từ những loại cây thuốc Nam rất quen thuộc, gần gũi trong cuộc sống, dễ kiếm mà lại rẻ tiền, có tác dụng phòng và chữa bệnh rất tốt để mọi người biết và sử dụng. Sách gồm những phần sau: Phần mở đầu: Những triệu chứng bệnh thường gặp không nên bỏ qua. Phần một: Cây thuốc và bài thuốc Nam phổ biến quanh nhà. Trong đó có 12 loại cây hoa dễ trồng trong nhà có tác dụng đuổi muỗi, phòng virus Zika. Phần hai: Các món ăn bài thuốc dành cho người bệnh. Phần ba: Các món ăn kị nhau. | |
| 653 | |a Y đa khoa | ||
| 700 | 1 | |a Trần Phước Vinh |e Hiệu đính | |
| 942 | |2 ddc |c BK | ||
| 952 | |0 0 |1 0 |2 ddc |4 0 |6 615_000000000000000_TH502 |7 0 |9 7836 |a 000001 |b 000001 |d 2018-04-28 |o 615 Th502 |p MD.11562 |r 2018-04-28 |v 64000.00 |w 2018-04-28 |y BK | ||
| 952 | |0 0 |1 0 |2 ddc |4 0 |6 615_000000000000000_TH502 |7 0 |9 7837 |a 000001 |b 000001 |d 2018-04-28 |l 9 |o 615 Th502 |p MD.11053 |r 2020-12-03 |s 2020-11-18 |v 64000.00 |w 2018-04-28 |y BK | ||
| 980 | |a Thư viện Trường Đại học Nam Cần Thơ | ||


